The science of psychology : An appreciative view
Đã lưu trong:
| 主要作者: | |
|---|---|
| 格式: | 图书 |
| 语言: | Undetermined |
| 出版: |
New York
McGraw-Hill
2008
|
| 主题: | |
| 标签: |
添加标签
没有标签, 成为第一个标记此记录!
|
| Thư viện lưu trữ: | Trung tâm Học liệu Trường Đại học Cần Thơ |
|---|
| LEADER | 00581nam a2200217Ia 4500 | ||
|---|---|---|---|
| 001 | CTU_179573 | ||
| 008 | 210402s9999 xx 000 0 und d | ||
| 020 | |c 151.02 | ||
| 082 | |a 150 | ||
| 082 | |b K52 | ||
| 100 | |a King, Laura A | ||
| 245 | 4 | |a The science of psychology : | |
| 245 | 3 | |b An appreciative view | |
| 245 | 0 | |c Laura A. King | |
| 260 | |a New York | ||
| 260 | |b McGraw-Hill | ||
| 260 | |c 2008 | ||
| 650 | |a Psychology,Tâm lý học | ||
| 650 | |x Study and teaching,Dạy và học | ||
| 904 | |i Nhung | ||
| 980 | |a Trung tâm Học liệu Trường Đại học Cần Thơ | ||